<?xml version="1.0" encoding="UTF-8"?>
<collection xmlns="http://www.loc.gov/MARC21/slim">
    <record>
        <controlfield tag="001">12729</controlfield>
        <controlfield tag="005">20170831220516.0</controlfield>
        <datafield tag="037" ind1=" " ind2=" ">
            <subfield code="a">TAZ-TFM-2013-999</subfield>
        </datafield>
        <datafield tag="041" ind1=" " ind2=" ">
            <subfield code="a">spa</subfield>
        </datafield>
        <datafield tag="100" ind1="1" ind2=" ">
            <subfield code="a">Martínez Vallejo, Patricia Elizabeth</subfield>
        </datafield>
        <datafield tag="245" ind1="0" ind2="0">
            <subfield code="a">Propuesta de prolongación del sistema integrado de transporte masivo del Distrito Metropolitano de Quito hacia el valle de Calderón – Carapungo mediante análisis de redes</subfield>
        </datafield>
        <datafield tag="260" ind1=" " ind2=" ">
            <subfield code="a">Zaragoza</subfield>
            <subfield code="b">Universidad de Zaragoza</subfield>
            <subfield code="c">2013</subfield>
        </datafield>
        <datafield tag="506" ind1=" " ind2=" ">
            <subfield code="a">by-nc-sa</subfield>
            <subfield code="b">Creative Commons</subfield>
            <subfield code="c">3.0</subfield>
            <subfield code="u">http://creativecommons.org/licenses/by-nc-sa/3.0/</subfield>
        </datafield>
        <datafield tag="520" ind1=" " ind2=" ">
            <subfield code="a">La ciudad de Quito se identifica por ser una ciudad con un relieve muy irregular, al occidente se presentan barreras topográficas que limitan el desarrollo urbano y los cultivos agrícolas generan-do una expansión demográfica hacia los valles del noreste y sureste. Los datos del censo de población y vivienda del año 2010 presentados por el Instituto Nacional de Estadísticas y Censos (INEC), indican que la ciudad de Quito ha tenido un crecimiento poblacional del 22% en los últimos 10 años, teniendo así un aumento aproximado de 400.000 habitantes entre los censos del 2001 y 2010. Esta acelerada expansión de población hacia los valles y la limitación geográfica, no han permitido planificar adecuadamente el desarrollo del área urbana, principalmente en lo que corresponde a la construcción de una infraestructura vial que permita un flujo adecuado y rápido del tránsito. Adicionalmente, existe una sobredemanda en el uso de transporte público que se ha visto desbordado y no ha dado soluciones eficientes para cubrir el crecimiento continuo de la demanda, generando una dependencia excesiva del vehículo privado.  La concentración de población en las ciudades, ha provocado un aumento en las necesidades de movilidad diaria, tanto en el tiempo como en las distancias empleadas para desplazarse de un punto a otro. Por ello, el objetivo de este Trabajo Fin de Máster es identificar a través del análisis de redes, rutas óptimas que permitan prolongar el servicio del Sistema Integrado de transporte masivo del Distrito Metropolitano de Quito (DMQ) hacia el Valle de Calderón – Carapungo. Este valle se encuentra ubicado al noreste del DMQ, y es uno de los polos de desarrollo más importantes hacia donde puede expandirse la ciudad capital. De este modo se proponen soluciones que permitan mejorar la calidad del servicio de transporte público masivo logrando una movilidad más eficiente y sostenible.</subfield>
        </datafield>
        <datafield tag="521" ind1=" " ind2=" ">
            <subfield code="a">Máster Universitario en Tecnologías de la Información Geográfica para la Ordenación del Territorio: Sistemas de Información Geográfica y Teledetección</subfield>
        </datafield>
        <datafield tag="540" ind1=" " ind2=" ">
            <subfield code="a">Derechos regulados por licencia Creative Commons</subfield>
        </datafield>
        <datafield tag="653" ind1="1" ind2=" ">
            <subfield code="a">transporte público</subfield>
        </datafield>
        <datafield tag="653" ind1="1" ind2=" ">
            <subfield code="a">movilidad urbana</subfield>
        </datafield>
        <datafield tag="653" ind1="1" ind2=" ">
            <subfield code="a">análisis de redes</subfield>
        </datafield>
        <datafield tag="653" ind1="1" ind2=" ">
            <subfield code="a">rutas óptimas</subfield>
        </datafield>
        <datafield tag="653" ind1="1" ind2=" ">
            <subfield code="a">expansión demográfica</subfield>
        </datafield>
        <datafield tag="700" ind1=" " ind2=" ">
            <subfield code="a">Zúñiga Antón, María</subfield>
            <subfield code="e">dir.</subfield>
        </datafield>
        <datafield tag="710" ind1="2" ind2=" ">
            <subfield code="a">Universidad de Zaragoza</subfield>
            <subfield code="b">Geografía y Ordenación del Territorio</subfield>
            <subfield code="c">Geografía Humana</subfield>
        </datafield>
        <datafield tag="856" ind1="0" ind2=" ">
            <subfield code="f">671226@celes.unizar.es</subfield>
        </datafield>
        <datafield tag="856" ind1="4" ind2=" ">
            <subfield code="s">27403213</subfield>
            <subfield code="u">http://zaguan.unizar.es/record/12729/files/TAZ-TFM-2013-999.pdf</subfield>
            <subfield code="y">Memoria (spa)</subfield>
        </datafield>
        <datafield tag="909" ind1="C" ind2="O">
            <subfield code="o">oai:zaguan.unizar.es:12729</subfield>
            <subfield code="p">driver</subfield>
            <subfield code="p">trabajos-fin-master</subfield>
        </datafield>
        <datafield tag="950" ind1=" " ind2=" ">
            <subfield code="a"></subfield>
        </datafield>
        <datafield tag="980" ind1=" " ind2=" ">
            <subfield code="a">TAZ</subfield>
            <subfield code="b">TFM</subfield>
            <subfield code="c">FFYL</subfield>
        </datafield>
    </record>

    
</collection>